| 000 | 005830000a22001570004500 | ||
|---|---|---|---|
| 008 | 230817t ||||| |||| 00| 0 eng d | ||
| 020 | _a812590297X | ||
| 082 |
_a324.954 _bGOV |
||
| 245 |
_aGovernance and electoral process in Bangladesh: _bReport of Non-Governmental election observers from South Asia (SAARC) parliamentary elections, June 12th 1996-Bangladesh |
||
| 260 |
_aNew Delhi: _bVikas, _c1997 |
||
| 300 |
_axi, 219 p. ; 23 cm. _bIndex included |
||
| 650 | _aELECTION MONITORING-Bangladesh | ||
| 650 | _aElections-Bangladesh | ||
| 700 |
_aThiagarajah, Jeevan _eed. |
||
| 942 | _cRP | ||
| 999 |
_c278 _d278 |
||